[Event "Varginha op"]
[Site "Varginha"]
[Date "2008.05.23"]
[Round "3"]
[White "Molina, Roberto Junio Brito"]
[Black "De Oliveira, Renato Almeida"]
[Result "1-0"]
[WhiteElo "2341"]
[BlackElo "1968"]
[PlyCount "51"]
[EventDate "2008.05.22"]
[EventType "swiss"]
[EventRounds "7"]
[EventCountry "BRA"]
[SourceTitle "EXT 2022"]
[Source "ChessBase"]
[SourceDate "2021.10.06"]
[SourceVersion "1"]
[SourceVersionDate "2021.10.06"]
[SourceQuality "1"]

1. d4 Nf6 2. c4 g6 3. Nf3 Bg7 4. g3 c6 5. Bg2 d5 6. Nbd2 0-0 7. 0-0 Nbd7 8. b3 c5 9. Bb2 dxc4 10. Nxc4 Nd5 11. e4 N5b6 12. d5 Bxb2 13. Nxb2 Nf6 14. Qc2 e6 15. d6 Nfd7 16. e5 Nd5 17. Rfe1 b6 18. Qd2 Kg7 19. Ng5 Bb7 20. h4 h6 21. Nh3 Rc8 22. Nf4 Nxf4 23. Bxb7 Rb8 24. Bf3 Nh5 25. Bxh5 gxh5 26. Nd3 1-0